000
00324nam a2200133Ia 4500
008
191201s2012 xx 000 0 und d
100
_a
JAIN, Ashok k
245
0
_a
Reinforced Concrete Limit State Design
250
_a
7th
260
_a
N. Delhi
_b
Nem Chand
_c
2012
300
_a
919
650
_a
B.Tech(CE)
942
_2
ddc
_c
BK
999
_c
5589
_d
5589